000 00419nab a2200145Ia 4500
003 ES-SlBCS
005 20210601125450.0
008 140529s1981-82 xxu||||| |||| 00| 0 eng d
041 _aeng
100 1 _aWassermann, G. D.
_9138157
245 0 0 _aMaterialism and Mentality
_c G. D. Wassermann
650 0 4 _aMaterialismo
_988993
773 0 _tReview of Methaphysics
_gvol. 35, 1981-82, págs. 715-730
_wRev843
942 _cAR
999 _c530775
_d530775